000
00282nam a2200121Ia 4500
008
190216s9999||||xx |||||||||||||| ||und||
100
_a
Calvin C Clawson
245
4
_a
The Mathematical Traveler
260
_b
Viva Book
_c
2008
300
_a
302
650
_a
Mathematics
942
_c
BK
999
_c
32244
_d
32244